000
00270nam a22001217a 4500
008
170524b xxu||||| |||| 00| 0 eng d
041
_a
eng
080
_a
621.3
100
_a
26
101
_a
IM
245
_a
PUMP APPLICATION ENGINEERING
_c
HICKS.T.G
942
_2
udc
_c
BK
999
_c
14166
_d
14166